00970nam a2200205 a 450000100100000000500170001000800410002704000130006808200150008110000220009624500310011826000500014930000350019950000250023404900090025995201240026895201800039295201770057299900150074900000859420200929161353.0090917s1956 dr ac 000 0 spa d aDO-SdBNP axxxbP625q1 aPieter, H.92301713aLa querella shakesperiana. aCiudad Trujillo :bEditora del Caribe,c1956. a113 p. :bil., retr. ;c23 cm. aIncluye notas p. 113 aBNPD 001054708RVaGRbGRcCTd2011-06-14iLF1l0oxxx P625qp8594-30r2020-06-25te. 3w2020-06-25y4ZPréstamo en sala 001050718RVaPDbPDcHDd2009-09-17iLF1l0oxxx P625qp8594-10r2020-06-25w2020-06-25y1zPerteneció a la biblioteca personal de Carlos Larrabazal Blanco.ZNo se presta 001050718RVaPDbPDcCTd2011-06-14iLF1l0oxxx P625qp8594-20r2020-06-25te. 2w2020-06-25y1zPerteneció a la biblioteca personal de Martínez Boog.ZNo se presta c8364d8364